[Event "FICGS class A 000204 email"]
[Site "FICGS email"]
[Date "2019.01.07"]
[Round "1"]
[White "De la Foret, Fred"]
[Black "Bukharin, Alexey"]
[Result "0-1"]
[WhiteElo "2093"]
[BlackElo "2057"]
[PlyCount "58"]
[EventDate "2019.??.??"]
[EventType "tourn (corr)"]
[EventRounds "6"]
[SourceTitle "Corr 2022"]
[Source "ChessBase"]
[SourceDate "2021.10.24"]
[SourceVersion "1"]
[SourceVersionDate "2021.10.24"]
[SourceQuality "1"]

1. e4 c5 2. Nf3 d6 3. d4 cxd4 4. Nxd4 Nf6 5. Nc3 g6 6. Be3 Bg7 7. f3 0-0 8. Qd2 Nc6 9. 0-0-0 d5 10. exd5 Nxd5 11. Nxc6 bxc6 12. Bd4 Bxd4 13. Qxd4 Qb6 14. Na4 Qc7 15. Bc4 Rd8 16. Qc5 Qf4+ 17. Kb1 Be6 18. Bb3 Rd6 19. a3 h5 20. Qf2 Qe3 21. Qg3 Nf4 22. Rxd6 exd6 23. Bxe6 Nxe6 24. Qxd6 Rd8 25. Qxc6 Rd2 26. Qe4 Qf2 27. g4 h4 28. Nc3 Qg2 29. f4 Rxc2 0-1

[Event "SA-2019-0-00662"]
[Site "LSS email"]
[Date "2019.01.06"]
[Round "?"]
[White "Bukharin, Alexey"]
[Black "Monteverde, Italo"]
[Result "1/2-1/2"]
[WhiteElo "2110"]
[BlackElo "2125"]
[PlyCount "47"]
[EventDate "2018.11.27"]
[EventType "tourn (corr)"]
[EventRounds "6"]
[EventCountry "GER"]
[SourceTitle "Corr 2022"]
[Source "ChessBase"]
[SourceDate "2021.10.24"]
[SourceVersion "1"]
[SourceVersionDate "2021.10.24"]
[SourceQuality "1"]

1. e4 e5 2. Nf3 Nf6 3. d4 Nxe4 4. Bd3 d5 5. Nxe5 Nd7 6. Nxd7 Bxd7 7. 0-0 Nf6 8. Bg5 Be7 9. c3 c6 10. Nd2 0-0 11. Qc2 h6 12. Bf4 c5 13. dxc5 Bxc5 14. Rae1 Qb6 15. Be3 Bxe3 16. Rxe3 Rfe8 17. Rxe8+ Rxe8 18. Qb3 Qc7 19. Nf3 g6 20. Qb4 Bg4 21. Nd4 a6 22. f3 Bd7 23. Rd1 Qe5 24. Nc2 1/2-1/2